Ils sont au nombre de deux - Mort Subite - Statistiques

Statistiques générales
  • Ce quiz a été pris 241 fois
  • Le résultat moyen est 7 sur 13
Answers on the Grid
Answers color-coded by a green-red scale on the quiz's grid according to % correct below.
Etoiles sur le maillot de l'Uruguay
Mi-temps au Rugby
Hémisphères
Couleurs sur le drapeau tunisien
Enclaves espagnoles au Maroc
Joueurs français ayant marqué en finale de deux Coupe du Monde
Grandes rivières commenceant par Sèvre en France
Le nombre d'artistes dans le groupe "OutKast"
Communes de plus de 100 000 habitants en région Centre-Val-de-Loire
Départements en Corse
Nombre de chambre du Parlement français
Epreuves au biathlon
Acteurs dans le "SAV des émissions"
Clubs français ayant été en finale de Ligue des Champions
Etoiles sur le drapeau de la Chine
Coupe du Monde remportées par l'Angleterre
Arrondissements à Lyon
Pays s'appellant Guinée -
Présidentes en France dans l'Histoire
Artistes dans le groupe "Linkin Park"
Couleurs primaires
 
Statistiques - réponses
Réponse % Correct
Départements en Corse
76%
Hémisphères
76%
Couleurs sur le drapeau tunisien
66%
Epreuves au biathlon
62%
Mi-temps au Rugby
54%
Acteurs dans le "SAV des émissions"
53%
Nombre de chambre du Parlement français
45%
Etoiles sur le maillot de l'Uruguay
42%
Enclaves espagnoles au Maroc
41%
Joueurs français ayant marqué en finale de deux Coupe du Monde
39%
Le nombre d'artistes dans le groupe "OutKast"
34%
Grandes rivières commenceant par Sèvre en France
32%
Communes de plus de 100 000 habitants en région Centre-Val-de-Loire
30%
Aucun quiz correspondant
Distribution des résultats
% des personnes avec chaque résultat
Percentile par nombre de réponses
Votre historique - résultats
Vous n’avez pas pris ce quiz